A carregar...
Joy of cancer
| Autor principal: | |
|---|---|
| Formato: | Printed Book |
| Publicado em: |
New Delhi
Rupa and co.
2011
|
| Assuntos: |
| LEADER | 00386nam a22001217a 4500 | ||
|---|---|---|---|
| 082 | |a 616.994 |b ANU.J | ||
| 100 | |a Anup Kumar | ||
| 245 | |a Joy of cancer | ||
| 260 | |a New Delhi |b Rupa and co. |c 2011 | ||
| 650 | |a Cancer |a Oncology | ||
| 942 | |c BK | ||
| 999 | |c 1629 |d 1629 | ||
| 952 | |0 0 |1 0 |4 0 |6 616_994000000000000_ANU_J |7 0 |8 NFIC |9 1632 |a CAMPUS |b CAMPUS |d 2015-01-28 |l 0 |o 616.994 ANU.J |p 18294 |r 2015-01-28 |w 2015-01-28 |y BK | ||